000 01004 a2200241 4500
999 _c10818
_d10818
020 _a9789290685883
050 0 0 _aJV9006.15
_b.MIG 2010
100 _aZanamwe, Lazarus
_eauthor
245 0 0 _aMigration in Zimbabwe :
_ba country profile /
_cLazarus Zanamwe, Alexandre Devillard, Zimbabwe National Statistics Agency, International Organization for Migration
264 1 _aHarare, Zimbabwe :
_bZimbabwe National Statistics Agency :
_bInternational Organization for Migration,
_c[2010]-
300 _avolumes :
_billustrations (some color) ;
336 _atext
_btxt
_2rdacontent
337 _aunmediated
_bn
_2rdamedia
338 _avolume
_bnc
_2rdacarrier
650 7 _aEmigration and immigration.
651 0 _aZimbabwe Emigration and immigration
651 7 _aZimbabwe.
700 _aDevillard, Alexandre
710 2 _aZimbabwe National Statistics Agency.
710 2 _aInternational Organization for Migration.
942 _2lcc
_cBK
_h9006.15
_iMIG
_kJV